Některé aspekty vědní a vědeckotechnické politiky.

Direktívne riadenie vedy a vednej politiky. Základné zložky koncepcie vedeckotechnickej politiky. Vedeckotechnická politika a projektové riadenie. Podstatné rysy vednej a vedeckotechnickej politiky v súčasnom období. Vedná politika a inovačné trendy. Typy technických inovácií.

Gespeichert in:
Bibliographische Detailangaben
1. Verfasser: Tondl, L.
Format: Buchkapitel
Sprache:Tschechisch
Schlagworte:
Tags: Tag hinzufügen
Keine Tags, Fügen Sie das erste Tag hinzu!

MARC

LEADER 00000naa a2200000 4500
001 r003285
005 20221125080839.5
041 0 |a cze 
044 |a [CS] 
245 1 0 |a Některé aspekty vědní a vědeckotechnické politiky.  |c L. Tondl 
520 |a Direktívne riadenie vedy a vednej politiky. Základné zložky koncepcie vedeckotechnickej politiky. Vedeckotechnická politika a projektové riadenie. Podstatné rysy vednej a vedeckotechnickej politiky v súčasnom období. Vedná politika a inovačné trendy. Typy technických inovácií. 
610 2 0 |a politika vedeckotechnická 
610 2 0 |a riadenie direktívne 
610 2 0 |a veda 
610 2 0 |a koncepcie 
610 2 0 |a inovácia 
610 2 0 |a technika nová 
100 1 |a Tondl, L.